01365nam a2200289 a 4500001001000000003000400010005001700014008004100031040002500072082001500097100003600112245009900148260004200247300002800289490002000317504004100337590002700378700003100405830002700436942001400463952010700477952011300584952013300697952011400830952011400944999001701058000017204OSt20201027142629.0100319s1976 dr c 000 0 spa d aDO-SdBNPbspacBNPHU axxxbP792b1 aPonce Pinedo, Ángel M.93785013aLa bilharziasis y otras enfermedades en R.D. /cÁngel M. Ponce Pinedo ; liminar José Hazim aSan Pedro de Macorís :bUCE,c1976. a161 P. :bretr.c23 cm.1 aCientíficav1 aIncluye referencias bibliográficas aInventariado, 2020/ YL12aHazim, Joséelim.977047 0aCientífican1937851 2ddccLBS1 00102ddc51718PDaPDbPDcCTd2010-03-19iLF1l0oxxx P792bp17204-10r2020-06-25w2020-06-25yLFPD 00102ddc51718PDaPDbPDcCTd2010-09-30iLF1l0oxxx P792bp17204-20r2020-06-25te. 2w2020-06-25yLFPD 00102ddc56758DSaPDbPDcCTd2013-09-30eFlia. Reyes DuluciLF1l0oxxx P792bp2020-0237r2020-10-27te. 3w2020-06-25yLFDS 00102ddc56758DSaPDbPDcCTd2020-10-27iLF1l0oxxx P792bp2020-0238r2020-10-27te. 4w2020-06-25yLFDS 00102ddc56758DSaPDbPDcCTd2020-10-27iLF1l0oxxx P792bp2020-0239r2020-10-27te. 5w2020-06-25yLFDS c16730d16730